<?xml version="1.0" encoding="UTF-8"?>
<record
    xmlns:xsi="http://www.w3.org/2001/XMLSchema-instance"
    xsi:schemaLocation="http://www.loc.gov/MARC21/slim http://www.loc.gov/standards/marcxml/schema/MARC21slim.xsd"
    xmlns="http://www.loc.gov/MARC21/slim">

  <leader>03094nam a2200337 a 4500</leader>
  <controlfield tag="001">ebr10482151</controlfield>
  <controlfield tag="003">CaPaEBR</controlfield>
  <controlfield tag="006">m        u        </controlfield>
  <controlfield tag="007">cr cn|||||||||</controlfield>
  <controlfield tag="008">090218s2009    nyuae   sb    000 0 eng d</controlfield>
  <datafield tag="010" ind1=" " ind2=" ">
    <subfield code="z">  2009007097</subfield>
  </datafield>
  <datafield tag="020" ind1=" " ind2=" ">
    <subfield code="z">9781568987972 (hbk. : alk. paper)</subfield>
  </datafield>
  <datafield tag="020" ind1=" " ind2=" ">
    <subfield code="z">1568987978 (hbk. : alk. paper)</subfield>
  </datafield>
  <datafield tag="040" ind1=" " ind2=" ">
    <subfield code="a">CaPaEBR</subfield>
    <subfield code="c">CaPaEBR</subfield>
  </datafield>
  <datafield tag="035" ind1=" " ind2=" ">
    <subfield code="a">(OCoLC)769114565</subfield>
  </datafield>
  <datafield tag="050" ind1="1" ind2="4">
    <subfield code="a">NA2940</subfield>
    <subfield code="b">.M88 2009eb</subfield>
  </datafield>
  <datafield tag="082" ind1="0" ind2="4">
    <subfield code="a">721/.2</subfield>
    <subfield code="2">22</subfield>
  </datafield>
  <datafield tag="100" ind1="1" ind2=" ">
    <subfield code="a">Murray, Scott</subfield>
    <subfield code="q">(Scott Charles),</subfield>
    <subfield code="d">1971-</subfield>
  </datafield>
  <datafield tag="245" ind1="1" ind2="0">
    <subfield code="a">Contemporary curtain wall architecture</subfield>
    <subfield code="h">[electronic resource] /</subfield>
    <subfield code="c">Scott Murray.</subfield>
  </datafield>
  <datafield tag="250" ind1=" " ind2=" ">
    <subfield code="a">1st ed.</subfield>
  </datafield>
  <datafield tag="260" ind1=" " ind2=" ">
    <subfield code="a">New York :</subfield>
    <subfield code="b">Princeton Architectural Press,</subfield>
    <subfield code="c">c2009.</subfield>
  </datafield>
  <datafield tag="300" ind1=" " ind2=" ">
    <subfield code="a">264 p. :</subfield>
    <subfield code="b">ill. (some col.), plans.</subfield>
  </datafield>
  <datafield tag="504" ind1=" " ind2=" ">
    <subfield code="a">Includes bibliographical references (p. [259]-261).</subfield>
  </datafield>
  <datafield tag="505" ind1="0" ind2=" ">
    <subfield code="a">Introduction -- Pt. I. A history of the curtain wall as concept and construct. The Chicago frame and the dilemma of the wall -- Visions of a transparent future -- The mid-twentieth-century curtain wall -- New directions and new priorities -- Pt. II. Performance and technique. Curtain wall system design -- Building envelope as selective filter -- Pt. III. Case studies. Introduction -- The new 42nd Street studios / Platt Byard Dovell White -- Melvin J. and Claire Levine Hall / KieranTimberlake Associates -- One Omotesando / Kengo Kuma and Associates -- William J. Clinton Presidential Center / Polshek Partnership Architects -- Green-Wood Mausoleum / Platt Byard Dovell White -- LVMH Osaka / Kengo Kuma and Associates -- Seattle Public Library / Office for Metropolitan Architecture and LMN Architects -- Terrence Donnelly Centre for Cellular and Biomolecular Research / architectsAlliance and Behnisch Architekten -- Torre Agbar / Ateliers Jean Nouvel -- Torre Cube / Estudio Carme Pin&#xFFFD;os -- Netherlands Institute for Sound and Vision / Neutelings Riedijk Architects -- Skirkanich Hall / Tod Williams Billie Tsien Architects -- Trutec Building / Barkow Leibinger Architekten -- Biomedical Science Research Building / Polshek Partnership Architects -- ATLAS Building / Rafael Vi&#xFFFD;noly Architects -- Blue Tower / Bernard Tschumi Architects -- The Nelson-Atkins Museum of Art / Steven Holl Architects -- The New York Times Building / Renzo Piano Building Workshop and FXFOWLE Architects -- Spertus Institute of Jewish Studies / Krueck + Sexton Architects -- United States Federal Building / Morphosis -- Yale Sculpture Building / KieranTimberlake Associates -- The Cathedral of Christ the Light / Skidmore, Owings and Merrill -- 100 Eleventh Avenue / Ateliers Jean Nouvel -- 166 Perry Street / Asymptote.</subfield>
  </datafield>
  <datafield tag="533" ind1=" " ind2=" ">
    <subfield code="a">Electronic reproduction.</subfield>
    <subfield code="b">Palo Alto, Calif. :</subfield>
    <subfield code="c">ebrary,</subfield>
    <subfield code="d">2013.</subfield>
    <subfield code="n">Available via World Wide Web.</subfield>
    <subfield code="n">Access may be limited to ebrary affiliated libraries.</subfield>
  </datafield>
  <datafield tag="650" ind1=" " ind2="0">
    <subfield code="a">Architecture, Modern.</subfield>
  </datafield>
  <datafield tag="650" ind1=" " ind2="0">
    <subfield code="a">Curtain walls.</subfield>
  </datafield>
  <datafield tag="655" ind1=" " ind2="7">
    <subfield code="a">Electronic books.</subfield>
    <subfield code="2">local</subfield>
  </datafield>
  <datafield tag="710" ind1="2" ind2=" ">
    <subfield code="a">ebrary, Inc.</subfield>
  </datafield>
  <datafield tag="856" ind1="4" ind2="0">
    <subfield code="u">http://site.ebrary.com/lib/rucke/Doc?id=10482151</subfield>
    <subfield code="z">An electronic book accessible through the World Wide Web; click to view</subfield>
  </datafield>
  <datafield tag="999" ind1=" " ind2=" ">
    <subfield code="c">121622</subfield>
    <subfield code="d">121622</subfield>
  </datafield>
</record>
